000 00410nam a22001457a 4500
008 230602b xxu||||| |||| 00| 0 eng d
020 _a9966918043
082 _a307.1
_bHAB
110 _bAFREPEN
245 _aSustainable Energy in Eritrea
_bProceedings of a National Policy Seminar
260 _bAFREPEN/FWD and Sida/SAREC
_c2002
300 _aV,64p
440 _n15
_pAFREPEN Occasional Paper
942 _2ddc
_cBK
999 _c208
_d208